00558 a2200133 4500020001800000022001800018050001400036082001400050245005800064260005700122942005600179999001900235952017000254 a9780860651633 a9780860651633 a284.4 WIL a284.4 WIL aHave you felt like giving up lately?cDavid Wilkerson aUnited State of AmericabKingsway Publicationsc1986 2ddcw395xKholofelo Moabeloy395zKholofelo Moabelo c707138d707137 00102ddc406284_400000000000000_WIL7082009633413aSTANRLbSTANLcNon_Fictiond2022-07-06g20.00l0o284.4 WILp33050000013173r2022-07-06v20.00w2022-07-06yBK